Statistics for Gainesville Regional Airport Destinations (Gainesville, FL, USA)

Click here to take the quiz!

General Stats

  • This quiz has been taken 16 times
  • The average score is 4 of 5

Answer Stats

AirlineDestination% Correct
Delta Air LinesAtlanta
92%
American EagleCharlotte
85%
American EagleMiami
85%
American EagleDallas/Fort Worth
77%
Silver AirwaysFort Lauderdale
15%

Score Distribution

Percentile by Number Answered

Percent of People with Each Score

Your Score History

You have not taken this quiz